| 000 | 00789nam a22001815i 4500 | ||
|---|---|---|---|
| 001 | 165846 | ||
| 003 | ES-MaACL | ||
| 005 | 20251122063136.0 | ||
| 008 | 050906s1847 sp | |||||||| ||spa d | ||
| 040 |
_aCAM _bspa _cCAM |
||
| 100 | 2 |
_aSuárez Bravo, Ceferino, _d1825-1896 _9132965 |
|
| 245 | 1 | 0 |
_aEnrique III _b: drama original en tres actos y en verso / _cpor Ceferino Suárez Bravo. |
| 260 |
_aMadrid : _b[s.n.], _c1847 ( _fImprenta de la Luneta á cargo de P.M. Aguilera) |
||
| 300 |
_a72 p. ; _c20 cm. |
||
| 596 | _aEn verso de port. consta: "Esta comedia es propiedad de la empresa dramática de Talia ... " | ||
| 852 |
_aES-MaACL _jD-2490(1) _z-- Enc. hol., falto de la enc. original _z-- Legado de M. de la Fuente _z-- Enc. en un vol. facticio |
||
| 999 |
_c165846 _d165846 |
||